| 000 | 00340nam a2200109Ia 4500 | ||
|---|---|---|---|
| 008 | 171211s9999 xx 000 0 und d | ||
| 245 | _aI'm Hosting as Fast as I Can! Zen and the Art of Staying Sane in Hollywood | ||
| 245 | _cTom Bergeron | ||
| 260 | _c2009 | ||
| 650 | _xBiography | ||
| 856 | _uhttp://down.ebook777.com/061/9780061765872.pdf | ||
| 999 |
_c349928 _d349928 |
||